000 01731nam a2200301 i 4500
003 OSt
005 20260507110330.0
008 260507s2025 enka br 000 0 eng d
020 _a9780241662151
_cRM 65.50
_qpaperback
040 _aPPAK
_beng
_cPPAK
_erda
082 0 4 _223
_a937.02
090 0 0 _a937.02
_bHUG
_dK
100 1 _aHughes, Bettany,
_eauthor.
245 1 0 _aThere Was A Roman in Your Garden /
_cBETTANY HUGHES ; Illustrated by Nathan Reed
264 1 _a[London], UK :
_bPUFFIN BOOKS,
_c2025
300 _a215 pages :
_billustrations ;
_c20 cm
336 _atext
_2rdacontent
337 _aunmediated
_2rdamedia
338 _avolume
_2rdacarrier
500 _a"A history of the Romans in 20 buried treasures"--Cover.
520 _aIt's your lucky day! You've stumbled across an ancient treasure chest in your garden that was buried thousands of years ago by a child living in ancient Rome. And the chest is packed with 20 strange and curious items that tell us so much about their life, such as: Armour made of real crocodile skin ; Twinkling treasure said to protect its wearer from evil ; A fun game made of a pig's knuckle ; Evidence of the world's first pizza! Unpack the treasure chest and discover the objects that a child just like you was using thousands of years ago. You'll uncover fascinating facts and true tales about their school, family life, clothes, games, favourite snacks and so much more.
521 1 _aAudience Ages 7-12.
651 0 _aRome
_xAntiquities
_vJuvenile literature.
651 0 _aRome
_xCivilization
_vJuvenile literature
651 0 _aRome
_xSocial conditions
_y510-30 B.C.
_vJuvenile literature.
700 1 _aReed, Nathan,
_eillustrator.
942 _2ddc
_cB
999 _c204123
_d204123